00784nam a2200241 i 4500001000300000003000400003005001700007008003900024020001500063040000800078041000800086080000800094080001200102245008600114260004800200300003000248655003000278650001300308700004600321710003400367700004300401856009800444bgBPK20191230141843.0 s1998 pl f f |000 0 pol a8301124954 cBPK0 apol a330 a(075.8)00aPodstawy ekonomii /cred. nauk. Roman Milewski ; aut. Anna Jabłońska [et al.]. aWarszawa :bWydawnictwo Naukowe PWN,c1998. a682 s. :bwykr. ;c24 cm. 4aPodręczniki akademickie 4aEkonomia1 aJabłońska, Annac(ekonomistka).eAutor2 aWydawnictwo Naukowe PWN4pbl.1 aMilewski, Romand(1940-2001)eRedakcja uhttp://koha.tu.koszalin.pl/cgi-bin/koha/opac-detail.pl?biblionumber=53107yKatalog online BPK